Mainstreaming social budgeting into the budgetary process in Kenya / (Record no. 710)

MARC details
000 -LEADER
fixed length control field 00800cam a22002292 4500
001 - CONTROL NUMBER
control field 0000007239
005 - DATE AND TIME OF LATEST TRANSACTION
control field 20151021151112.0
008 - FIXED-LENGTH DATA ELEMENTS--GENERAL INFORMATION
fixed length control field 071206s xx 000 0 eng d
020 ## - INTERNATIONAL STANDARD BOOK NUMBER
International Standard Book Number 9966949925 :
Terms of availability KES
040 ## - CATALOGING SOURCE
Original cataloging agency KABU
Transcribing agency KABU
245 10 - TITLE STATEMENT
Title Mainstreaming social budgeting into the budgetary process in Kenya /
Statement of responsibility, etc. Moses W. Ngware ... [et al.]
260 ## - PUBLICATION, DISTRIBUTION, ETC. (IMPRINT)
Place of publication, distribution, etc. Nairobi :
Name of publisher, distributor, etc. KIPPRA,
Date of publication, distribution, etc. 2006.
300 ## - PHYSICAL DESCRIPTION
Extent v, 68 p.
490 0# - SERIES STATEMENT
Series statement KIPPRA discussion papers ;
Volume/sequential designation no. 57
650 #0 - SUBJECT ADDED ENTRY--TOPICAL TERM
Topical term or geographic name as entry element Budget
Geographic subdivision Kenya.
-- 0000158401
650 #0 - SUBJECT ADDED ENTRY--TOPICAL TERM
Topical term or geographic name as entry element Kenya
Topical term following geographic name as entry element Appropriation and expenditure.
-- 0000158402
700 1# - ADDED ENTRY--PERSONAL NAME
Personal name Ngware, Moses W.
-- 0000158403
710 2# - ADDED ENTRY--CORPORATE NAME
Corporate name or jurisdiction name as entry element Kenya Institute for Public Policy Research and Analysis.
-- 0000158404
908 ## - PUT COMMAND PARAMETER (RLIN)
Put command parameter 071206
950 ## - LOCAL HOLDINGS (RLIN)
-- 1
Holdings
Withdrawn status Lost status Source of classification or shelving scheme Not for loan Home library Current library Date acquired Total Checkouts Full call number Barcode Date last seen Price effective from Koha item type
    Library of Congress Classification   Kabarak, Main Campus Kabarak, Main Campus 17/12/2015   HJ2180.5 .M35 c. 2 18869 17/12/2015 17/12/2015 General Collection
    Library of Congress Classification   Kabarak, Main Campus Kabarak, Main Campus 17/12/2015   HJ2180.5 .M35 c. 1 011487 17/12/2015 17/12/2015 Africana Collection
    Library of Congress Classification   Kabarak, Nakuru City Campus Kabarak, Nakuru City Campus 21/10/2015   HJ2180.5 .M35 c. 1 18750 21/10/2015 21/10/2015 General Collection
Designed with assistance from East African Informatics Ltd